000 01096nas a2200337 4500
001 BR2012003652
003 BR-BrBNA
005 20231205120613.0
007 ta
008 230509b bl.|||p| |||| 00| 00por d
040 _aBR-BrBNA
_bpor
_cBiblioteca Nacional de Agricultura
041 _a(Pt)
072 _aL52
100 1 _aCarvalho, A.P.M.
100 1 _aYwasaki, J.
100 1 _aAzevedo, C.T.
100 1 _aCampos, A.S.
100 1 _aQueiroz, F.F.
100 1 _aPontes, L.A.E.
100 1 _aBarbosa, L.A.
100 1 _aSilveira, L.S.
245 1 _aCrescimento e desenvolvimento de boto-cinza (Sotalia guianensis)do litoral do Espírito Santo
246 1 _aGrowth and development of estuarine dolphin (Sotalia guianensis)from Espírito Santo coast
650 _aBOTO
650 _aMAMÍFERO AQUÁTICO
650 _aCRESCIMENTO
650 _aRADIOGRAFIA
773 0 _tArquivo Brasileiro de Medicina Veterinária e Zootecnia (Brazil)
_xISSN 0102-0935
_g(Feb 2012), v. 64(1) p. 205-208
_wBR2012003652
909 _a202311
_bLúcia
_c55
_dLúcia Elande
942 _2AGRIS
_n0
_cANA
999 _c219346
_d219346